000
00463nam a2200181Ia 4500
008
100917s9999 xx 000 0 und d
082
_b
21159
100
_a
केतकर ग. वि.
245
_a
गीता बीज
260
_b
---
_c
1930
300
_a
56
365
_b
0.25
520
_a
अध्यात्म
630
_a
गीता बीज
650
_a
अध्यात्म
730
_a
गीता बीज
942
_c
BOOK
999
_c
626553
_d
626550